Subjektivně prožívana kvalita života, protektivní a rizikové faktory zátěže a zdraví

Bibliographic Details
Main Author: Vašina, Bohumil (Author)
Format: Article
Language:Slovak
PhysicalDescription:Tabuľky
ISBN:9788081520594
Subjects:
Online Access://www.unibook.upjs.sk/img/cms/2013/lf/psychologia-zdravia-2013-final.pdf

MARC

LEADER 00000nab a2200000 4500
001 vtls012141278
003 SK-MaSNL
005 20260303100247.0
008 220629|2013 xo |||| ||an ||00 0|slo
015 |a SNBRB2022/06 
040 |a SPKCL  |b slo  |e rda 
041 |a slo  |b slo  |b eng 
044 |a xo  |c SK 
072 7 |a 159.9  |x Psychológia  |2 konspekt 
072 7 |a 613  |x Hygiena. Ľudské zdravie  |2 konspekt 
080 |a 159.9:613  |2 2011 
080 |a 316.728-021.465  |2 2011 
100 1 |a Vašina, Bohumil  |4 aut  |9 946551 
245 1 0 |a Subjektivně prožívana kvalita života, protektivní a rizikové faktory zátěže a zdraví  |c Bohumi Vašina 
300 |b Tabuľky 
336 |a text  |b txt  |2 rdacontent 
337 |a bez média  |b n  |2 rdamedia 
338 |a zväzok  |b nc  |2 rdacarrier 
504 |a Obsahuje bibliografiu 
546 |a Slovenské resumé 
650 0 7 |a kvalita života  |2 SNKPH  |9 1705 
650 0 7 |a stres  |2 SNKPH  |9 14472 
650 0 7 |a psychológia zdravia  |2 SNKPH  |9 69288 
650 0 7 |a výskum  |2 SNKPH  |9 4238 
655 7 |a BZB  |2 SNKPH  |9 1080216 
773 0 |t Psychológia zdravia : psychológia zdravia v multidisciplinárnom pohľade na zdravie : zborník z 8. celoslovenskej konferencie s medzinárodnou účasťou  |d Košice : Univerzita Pavla Jozefa Šafárika, Lekárska fakulta UPJŠ, 2013  |g S. 28-34  |z 9788081520594 
856 4 1 |u //www.unibook.upjs.sk/img/cms/2013/lf/psychologia-zdravia-2013-final.pdf 
958 |a NB 
999 |c 1828819  |d 1830749